Doce cuentos peregrinos
Obra compuesta por cuentos cortos escritos por García Márquez a lo largo de 18 años. Entre las historias se puede notar nostalgia y melancolía por el tema de la muerte. Algunos títulos que se puede encontrar son: Buen viaje, señor presidente, La santa, El avión de la bella durmiente, Me alquilo para...
Sparad:
| Huvudupphovsman: | |
|---|---|
| Materialtyp: | Bok |
| Språk: | Undetermined |
| Publicerad: |
Bogotá, Colombia
Editorial Norma
1998
|
| Ämnen: | |
| Taggar: |
Lägg till en tagg
Inga taggar, Lägg till första taggen!
|
MARC
| LEADER | 00000nam a2200000Ia 4500 | ||
|---|---|---|---|
| 008 | 170316s9999 xx 000 0 und d | ||
| 040 | |a cru BVZT | ||
| 090 | |a 860 G-12do | ||
| 100 | |a García Márquez, Gabriel |9 985 | ||
| 245 | |a Doce cuentos peregrinos | ||
| 260 | |a Bogotá, Colombia | ||
| 260 | |b Editorial Norma | ||
| 260 | |c 1998 | ||
| 300 | |a 174 páginas | ||
| 520 | |a Obra compuesta por cuentos cortos escritos por García Márquez a lo largo de 18 años. Entre las historias se puede notar nostalgia y melancolía por el tema de la muerte. Algunos títulos que se puede encontrar son: Buen viaje, señor presidente, La santa, El avión de la bella durmiente, Me alquilo para soñar, Sólo vine a hablar por teléfono, Espantos de agosto, María dos Prazeres, Diecisiete ingleses envenenados, Tramontana, El verano feliz de la señora Forbes, La luz es como el agua y El rastro de tu sangre en la nieve | ||
| 650 | |a LITERATURA LATINOAMERICANA |9 15 | ||
| 999 | |c 8702 |d 8702 | ||
| 942 | |c 4 D |h 860 G-12do |2 z | ||
